[Event "IND AICF-ch blind 18th"]
[Site "Odisha"]
[Date "2025.04.03"]
[Round "3"]
[White "Kakade, Atul"]
[Black "Arivazhagan, S."]
[Result "1-0"]
[WhiteElo "1659"]
[BlackElo "1572"]
[PlyCount "133"]
[EventDate "2025.04.02"]
[EventType "swiss"]
[EventRounds "9"]
[EventCountry "IND"]
[SourceTitle "CB15_2025"]
[SourceDate "2025.04.09"]
[SourceVersion "1"]
[SourceVersionDate "2025.04.09"]
[SourceQuality "1"]

1. c4 e5 2. g3 c6 3. Bg2 Nf6 4. Nc3 d5 5. cxd5 cxd5 6. Qb3 d4 7. Bxb7 Bxb7 8. Qxb7 Nbd7 9. Ne4 Be7 10. Nf3 0-0 11. 0-0 a5 12. Nxf6+ Bxf6 13. Qd5 Qc7 14. d3 h6 15. Bd2 Nb6 16. Qe4 Rfe8 17. Rfc1 Qd7 18. Rc6 Nd5 19. Rc5 Ne7 20. Rac1 Ng6 21. Rc7 Qd8 22. b3 h5 23. a3 Qd6 24. b4 axb4 25. Bxb4 Qe6 26. R1c4 h4 27. Nd2 Bg5 28. Nb3 Qh3 29. Qg2 Qg4 30. Qf3 Qe6 31. Nc5 Qf6 32. Ne4 Qxf3 33. exf3 Be7 34. Kg2 Bxb4 35. axb4 Ra3 36. Nc5 Rb8 37. f4 exf4 38. Rxd4 fxg3 39. hxg3 hxg3 40. Kxg3 Ra2 41. Rdd7 Rxb4 42. Rxf7 Rg4+ 43. Kh3 Rh4+ 44. Kg2 Rg4+ 45. Kf1 Nf4 46. f3 Ra1+ 47. Kf2 Rg2+ 48. Ke3 Nd5+ 49. Kd4 Nxc7 50. Rxc7 Rf2 51. Ke4 Raf1 52. Ne6 Re2+ 53. Kd5 Rxe6 54. Kxe6 Rxf3 55. d4 g5 56. d5 g4 57. Rc4 g3 58. Rg4+ Kf8 59. Kd7 Ra3 60. d6 Kf7 61. Kd8 Ra6 62. d7 Ra8+ 63. Kc7 Ra7+ 64. Kc8 Ra8+ 65. Kb7 Rh8 66. Rxg3 Ke7 67. Kc7 1-0

[Event "IND AICF-ch blind 18th"]
[Site "Odisha"]
[Date "2025.04.02"]
[Round "1"]
[White "Kakade, Atul"]
[Black "Lakshmi, Narayan Adhikary"]
[Result "0-1"]
[WhiteElo "1659"]
[BlackElo "1454"]
[PlyCount "58"]
[EventDate "2025.04.02"]
[EventType "swiss"]
[EventRounds "9"]
[EventCountry "IND"]
[SourceTitle "CB15_2025"]
[SourceDate "2025.04.09"]
[SourceVersion "1"]
[SourceVersionDate "2025.04.09"]
[SourceQuality "1"]

1. e4 d5 2. exd5 Nf6 3. Nf3 Nxd5 4. Bc4 c6 5. 0-0 Bg4 6. c3 Qc7 7. d4 Nd7 8. Re1 e6 9. Nbd2 N7f6 10. Nf1 Bd6 11. h3 Bh5 12. Ne3 0-0 13. g4 Bg6 14. Nxd5 exd5 15. Bd3 Ne4 16. Be3 Rae8 17. Qc2 Qe7 18. Kg2 f5 19. Bg5 Qd7 20. Bxe4 fxe4 21. Nh4 e3 22. Nf5 Rxf5 23. gxf5 Bxf5 24. Qe2 Bxh3+ 25. Kh1 Qf5 26. Rg1 Qxf2 27. Rae1 Re4 28. Bxe3 Bg2+ 29. Rxg2 Rh4+ 0-1

[Event "IND AICF-ch blind 18th"]
[Site "Odisha"]
[Date "2025.04.02"]
[Round "2"]
[White "Roshan, P Diware"]
[Black "Kakade, Atul"]
[Result "0-1"]
[WhiteElo "1561"]
[BlackElo "1659"]
[PlyCount "78"]
[EventDate "2025.04.02"]
[EventType "swiss"]
[EventRounds "9"]
[EventCountry "IND"]
[SourceTitle "CB15_2025"]
[SourceDate "2025.04.09"]
[SourceVersion "1"]
[SourceVersionDate "2025.04.09"]
[SourceQuality "1"]

1. d4 Nf6 2. Nf3 e6 3. e3 d5 4. g3 Nbd7 5. Bg2 c5 6. c3 Bd6 7. 0-0 0-0 8. Re1 Ne4 9. Nbd2 f5 10. c4 Ndf6 11. cxd5 exd5 12. b3 Ng4 13. Nxe4 fxe4 14. Ne5 Nxf2 15. Qe2 Bxe5 16. dxe5 Nd3 17. Rf1 Nxe5 18. Bb2 Bg4 19. Rxf8+ Qxf8 20. Qb5 Nf3+ 21. Kh1 b6 22. h3 Qd6 23. Bxf3 Bxf3+ 24. Kh2 a6 25. Qf1 Qh6 26. Qf2 Bg4 27. h4 Rf8 28. Qg1 Rf3 29. Be5 Rxe3 30. Rf1 Re2+ 31. Rf2 Qd2 32. Rxe2 Qxe2+ 33. Qg2 e3 34. Kg1 Qxg2+ 35. Kxg2 d4 36. Kf1 Kf7 37. Ke1 Ke6 38. Bf4 b5 39. Bc7 d3 0-1

[Event "Bhilwara op"]
[Site "Bhilwara"]
[Date "2024.12.28"]
[Round "7"]
[White "Jain, Vivaan"]
[Black "Kakade, Atul"]
[Result "1-0"]
[WhiteElo "1547"]
[BlackElo "1706"]
[PlyCount "63"]
[EventDate "2024.12.24"]
[EventType "swiss"]
[EventRounds "9"]
[EventCountry "IND"]
[SourceTitle "CB02_2025"]
[SourceDate "2025.01.08"]
[SourceVersion "1"]
[SourceVersionDate "2025.01.08"]
[SourceQuality "1"]

1. e4 c5 2. Nc3 Nc6 3. Bb5 Nf6 4. Bxc6 dxc6 5. e5 Nd5 6. Nge2 Qc7 7. d4 Nxc3 8. bxc3 Bg4 9. 0-0 e6 10. Be3 Be7 11. Qd2 0-0 12. Ng3 Rad8 13. h3 Bf5 14. Nxf5 exf5 15. f4 Qa5 16. Rfd1 c4 17. a4 Rd5 18. Rdb1 b6 19. Bf2 Rfd8 20. Qe3 a6 21. Kh2 c5 22. Be1 f6 23. exf6 Bxf6 24. Qe6+ Kf8 25. Rxb6 cxd4 26. Rb7 R5d7 27. Rxd7 Rxd7 28. Qxd7 Qb6 29. Bf2 Qb8 30. Re1 g6 31. Re6 Bg7 32. Qd6+ 1-0